| 000 -LEADER |
| fixed length control field |
00383cam a22001097a 4500 |
| 008 - FIXED-LENGTH DATA ELEMENTS--GENERAL INFORMATION |
| fixed length control field |
180718b1973 xxu||||| |||| 00| 0 eng d |
| 082 ## - DEWEY DECIMAL CLASSIFICATION NUMBER |
| Classification number |
W2x611 In8 |
| 245 ## - TITLE STATEMENT |
| Title |
Tunisie: Evaluation D'un project D'amenagement urban et ole transports on Commun pour le district de Tunis |
| 260 ## - PUBLICATION, DISTRIBUTION, ETC. |
| Place of publication, distribution, etc. |
Washington, D.C. |
| Name of publisher, distributor, etc. |
IBRD |
| Date of publication, distribution, etc. |
1973 |
| 300 ## - PHYSICAL DESCRIPTION |
| Extent |
41p.+95p. Paper |
| 650 ## - SUBJECT ADDED ENTRY--TOPICAL TERM |
| Topical term or geographic name entry element |
Local Transportation - Tunisia |